=LDR 00000nam 2200000 4500 =001 INLIS000000000031036 =005 20130612133131 =008 ***********************************ind** =035 ##$$0010-061300000031036 =041 ##$$a ind =082 ##$$a 2x3.52 =090 ##$$a 2x3.52, Alb k =100 ##$$a Al-buhairi, Mamduh Farhan =245 ##$$a Imathat Al-lihan wakabah Al-Anhar. Kuburabn Agung, menyingkap fenomena ketergantungan kepada Wali, Mamduh Farhan Al-Buhairi; penerjemah, Agus Hasan Bashri =260 ##$$a 2005 $b Jakarta =300 ##$$a xvi,226 hlm, 24 cm =650 ##$$a KUBURAN =850 ##$$a NBPNMAT